01016 a2200181 45000010006000000050017000060080041000230030015000640400040000790800022001192450103001410200018002442640033002623000019002955050495003140410008008091000017008175779920260407155838.0260407a2005 arg spa dAR-UNSa-BCEJYS aAR-UNSa-BCEJYSbspacAR-UNSa-BCEJYS a657xContabilidad10aLa interdisciplinariedad entre la economía y la administraciónpel balance de pagos empresario a987-43-9441-2 1aCórdoba :bAdvocatusc2005 a130 p.c22 cm. a1. El problema de la información contable para el Análisis económico – 2. El modelo del balance de pagos empresario – 3. Análisis de las cuentas del resultado del balance de pagos – 4. Un modelo de presentación del balance de pagos empresario para una firma – 5. Análisis comparativo del balance de pagos empresario y los estados contables convencionales de una firma – 6. El valor agregado obtenido de la información suministrada por el balance de pagos empresario  aspa1 aLuna, Manuel